[Event "Czech-ch U18-20 Open 2022"]
[Site "Spindleruv Mlyn"]
[Date "2022.03.13"]
[Round "1.1"]
[White "Ocelak, Jakub"]
[Black "Mica, Marek"]
[Result "0-1"]
[WhiteElo "2053"]
[BlackElo "2272"]
[Annotator "ChessBase"]
[PlyCount "44"]
[EventDate "2022.03.10"]
[EventType "tourn"]
[EventCountry "CZE"]
[SourceTitle "playchess.com"]
[Source "ChessBase"]
[SourceQuality "1"]
[TimeControl "40/5400+30:1800+30"]

1. c4 {[%emt 0:00:14]} Nf6 {[%emt 0:00:32]} 2. Nc3 {[%emt 0:00:18]} e6 {[%emt 0:00:20]} 3. Nf3 {[%emt 1:31:28]} d5 {[%emt 0:00:58]} 4. e3 {[%emt 0:00:00]} c5 {[%emt 0:01:53]} 5. cxd5 {[%emt 0:00:00]} Nxd5 {[%emt 0:01:01]} 6. Qc2 {[%emt 0:00:00]} Be7 {[%emt 0:09:08]} 7. b3 {[%emt 0:00:00]} Bf6 {[%emt 0:06:58]} 8. Bb2 {[%emt 0:00:00]} O-O {[%emt 0:09:22]} 9. h4 {[%emt 0:00:00]} b6 {[%emt 0:07:58]} 10. Ng5 {[%emt 0:00:00]} g6 {[%emt 0:00:52]} 11. a3 {[%emt 0:00:00]} h6 {[%emt 0:06:17]} 12. Nf3 {[%emt 0:00:00]} Bb7 {[%emt 0:03:47]} 13. O-O-O {[%emt 0:00:00]} Nd7 {[%emt 0:02:55]} 14. Rh3 {[%emt 0:00:00]} Bg7 {[%emt 0:04:09]} 15. g4 {[%emt 0:00:00]} Qe7 {[%emt 0:01:13]} 16. Be2 {[%emt 0:00:00]} Nxc3 {[%emt 0:09:45]} 17. Bxc3 {[%emt 0:00:00]} e5 {[%emt 0:01:26]} 18. h5 {[%emt 0:00:00]} g5 {[%emt 0:01:31]} 19. Qf5 {[%emt 0:00:00]} e4 {[%emt 0:06:17]} 20. Bc4 {[%emt 0:00:36]} Kh8 {[%emt 0:24:08]} 21. Nxg5 {[%emt 0:07:50]} hxg5 {[%emt 0:00:00]} 22. Qg6 {[%emt 0:00:28]} Ne5 {[%emt 0:00:00]} 0-1

[Event "Czech-ch U18-20 Open 2022"]
[Site "Spindleruv Mlyn"]
[Date "2022.03.13"]
[Round "1.2"]
[White "Mladek, Richard"]
[Black "Frank, Adam"]
[Result "1/2-1/2"]
[WhiteElo "2374"]
[BlackElo "2270"]
[Annotator "TA"]
[PlyCount "52"]
[EventDate "2022.03.10"]
[EventType "tourn"]
[EventCountry "CZE"]
[SourceTitle "playchess.com"]
[Source "ChessBase"]
[SourceQuality "1"]

{[%evp 21,52,8,0,-19,-1,-13,-7,-19,-22,-33,-7,-37,-14,-62,-29,-21,0,-41,-49,-42,-27,-30,0,0,0,0,0,0,0,0,0,0,0]} 1. d4 g6 2. c4 d6 3. Nf3 Bg7 4. g3 Nd7 5. Bg2 e5 6. O-O Ne7 7. Nc3 O-O 8. e4 exd4 9. Nxd4 Nc6 10. Nxc6 bxc6 11. Qc2 Ne5 {[%cal Bd7e5,Be5c6,Bc6d4][%mdl 32]} 12. Nd1 {A42: Modern Defence: Averbakh Variation.} c5 {[#]} 13. f4 $146 ({Predecessor:} 13. Ne3 Nc6 14. Bd2 Nd4 15. Qd3 Rb8 16. Bc3 Bb7 17. Nc2 Nxc2 18. Qxc2 Qe7 19. Rfe1 Bxc3 20. Qxc3 {½-½ (35) Huang,Q (2438)-Paehtz,E (2464) Riadh 2017}) 13... Nc6 14. f5 {[%cal Of5f6]} (14. e5 {[#]} Nd4 $1 15. Qf2 Rb8 $17) 14... Nd4 15. Qd3 Rb8 16. Bd2 Re8 (16... d5 $5 17. cxd5 gxf5 $11) 17. fxg6 (17. Bc3 $11) 17... hxg6 (17... fxg6 $5 {[%cal Rc8g4]} 18. Rb1 Be6 $15) 18. Bc3 Bb7 19. Nf2 (19. Ne3 $11) 19... Qd7 20. Rae1 Qa4 21. Ng4 $1 {[%cal Bf2g4,Bg4h6,Bh6f7][%mdl 32]} Qc2 22. Qe3 {The position is equal.} f5 23. Nh6+ (23. Rf2 Qa4 24. Nh6+ Kh7) 23... Kh7 24. Nf7 {[%cal Og3g4] [#] g4! is the strong threat.} Kg8 {[%cal Rb7e4]} (24... fxe4 25. Ng5+ Kg8 26. Qf4 $16) 25. Nh6+ Kh7 26. Nf7 {[%cal Og3g4] Hoping for g4!} Kg8 {Weighted Error Value: White=0.09 (flawless) /Black=0.11 (very precise)} (26... fxe4 27. Ng5+ Kg8 28. Qf4 $18) 1/2-1/2

[Event "Czech-ch U18-20 Open 2022"]
[Site "Spindleruv Mlyn"]
[Date "2022.03.13"]
[Round "1.3"]
[White "Vojta, Jakub"]
[Black "Hlavina, Matous"]
[Result "1-0"]
[WhiteElo "2406"]
[BlackElo "2112"]
[Annotator "TA"]
[PlyCount "95"]
[EventDate "2022.03.10"]
[EventType "tourn"]
[EventCountry "CZE"]
[SourceTitle "playchess.com"]
[Source "ChessBase"]
[SourceQuality "1"]

{[%evp 15,95,24,68,30,78,64,77,70,95,67,126,108,150,146,144,94,127,119,131,116,172,177,182,177,156,186,169,123,135,137,145,147,137,145,145,146,142,20,20,18,15,19,18,4,19,18,18,14,187,187,183,8,8,8,8,8,8,8,8,8,8,8,18,8,8,8,8,8,222,222,87,87,29975,29976,29976,29977,29977,29978,29978,29979,29979,29975]} 1. c4 Nf6 2. Nc3 d5 3. cxd5 Nxd5 4. g3 g6 5. Bg2 Nb6 6. d3 Bg7 7. Be3 O-O 8. Qd2 Re8 (8... N8d7 $11) 9. Bh6 {A16: English Opening: 1...Nf6 with ...d5.} Bh8 (9... Bxh6 $11 {should be considered.} 10. Qxh6 Nc6) 10. h4 $16 N8d7 11. h5 {White is more active. White is better.} Nf6 12. hxg6 fxg6 (12... hxg6 $14 13. Nf3 Ng4) 13. Nf3 e5 (13... c6 $142) 14. Ng5 {[#]} c6 $146 ({Predecessor:} 14... Qe7 15. Qc2 c6 16. a3 Be6 17. Nxe6 Qxe6 18. Ne4 Nxe4 19. Bxe4 Nd5 20. O-O-O a5 {1-0 (29) Brauer,C (2096)-Pribyl,V (1850) Liberec 2016}) 15. Nce4 ({Better is} 15. O-O-O) 15... Nbd5 {[%cal Bb6d5,Bd5f6,Bf6e4][%mdl 32]} 16. Nxf6+ Nxf6 17. Qb4 {aiming for Qb3+.} Qe7 (17... Nd5 $16 {was called for.} 18. Qb3 Bf6) 18. Qb3+ $18 Be6 19. Nxe6 Qxe6 20. Qxb7 e4 21. dxe4 (21. O-O $1 $18) 21... Nxe4 {...Nc5 is the strong threat.} 22. Bf4 {A strong pair of Bishops.} Bg7 {And now ...Nc5 would win.} 23. O-O g5 {[#]} 24. Bc7 (24. Bxe4 $6 gxf4 25. Bxc6 Rab8 $11) 24... Rac8 25. Rac1 {[%cal Ba1c1,Bc1c5,Bc5f5][%mdl 32]} (25. Qxa7 Re7 26. Rad1 (26. Bxe4 $2 Qxe4 27. Qc5 Rexc7 $19) 26... Rexc7 $17) 25... c5 26. Bxe4 ({Don't do} 26. Qxa7 c4 $16) ({White should play} 26. Rc2 $16) 26... Qxe4 $11 27. Qxe4 Rxe4 28. Rxc5 {Black must now prevent e3.} Rxe2 29. Rd1 {Black should prevent Rd7.} Rxb2 30. Rd7 Bf6 31. a4 Ra2 $2 (31... Rf8 $11 {and Black is okay.}) 32. Rf5 $18 Rf8 33. Bd6 $2 (33. Be5 $18 {[%cal Of5g5] White wants to mate with Rxg5+!} Bxe5 34. Rxg5+ (34. Rxe5 h6 $11) 34... Kh8 35. Rxe5 Rxa4 36. Rh5) 33... Rf7 $11 34. Rxf7 Kxf7 {[%mdl 4096] Endgame KRB-KRB} 35. Be5 Ke6 36. Rxf6+ Kxe5 {KR-KR} 37. Ra6 Kf5 ({Resist} 37... Ra1+ 38. Kg2 $16) 38. Rxa7 Kg4 39. Kg2 h5 40. a5 {[%cal Ba4a5,Ba5a6,Ba6a7][%mdl 32]} h4 41. gxh4 Kxh4 $2 (41... gxh4 $11 {and Black stays safe.} 42. a6 h3+ 43. Kg1 Ra1+ 44. Kh2 Ra2) 42. a6 {Ra8 would kill now.} Kg4 (42... Kh5 $18 43. Ra8 Kh6) 43. Ra8 $16 Ra3 44. a7 {White mates.} Ra2 45. Kg1 Ra1+ {[#]} 46. Kh2 $1 Ra2 47. Kg2 Ra3 48. f3+ $1 {Weighted Error Value: White=0.22 (precise) /Black=0.22 (precise)} 1-0

[Event "Czech-ch U18-20 Open 2022"]
[Site "Spindleruv Mlyn"]
[Date "2022.03.13"]
[Round "1.4"]
[White "Svanda, Ondrej"]
[Black "Kusa, Jakub"]
[Result "1/2-1/2"]
[WhiteElo "2303"]
[BlackElo "2298"]
[Annotator "TA"]
[PlyCount "108"]
[EventDate "2022.03.10"]
[EventType "tourn"]
[EventCountry "CZE"]
[SourceTitle "playchess.com"]
[Source "ChessBase"]
[SourceQuality "1"]

{[%evp 15,108,10,19,0,0,0,11,0,9,-6,30,18,75,70,92,93,96,112,109,64,112,117,123,76,80,59,212,219,303,304,290,304,286,278,272,274,283,272,271,271,312,320,359,306,264,245,256,248,238,135,144,88,74,37,114,92,225,211,218,223,206,0,0,-66,-68,-112,-102,-103,-109,-127,-37,-37,-37,-37,-37,-37,-34,-37,-37,-43,-34,-41,-37,-46,-8,-8,-8,-8,0,-8,0,0,0,0,0]} 1. Nf3 Nf6 2. g3 g6 3. Bg2 Bg7 4. c4 O-O 5. O-O d6 6. d4 c6 7. Nc3 Bf5 8. Re1 Ne4 $1 9. Nd2 {E62: King's Indian: Fianchetto: 6...c6 and Panno Variation (6...Nc6) without ...a6.} Nxc3 10. bxc3 e5 {[#]} 11. e3 $146 {[%cal Be2e3,Be3e4][%mdl 32]} ({Predecessor:} 11. e4 Be6 12. Bb2 c5 13. Qb3 b6 14. Rad1 Nc6 15. dxe5 Nxe5 16. Re3 Qc8 17. f4 {½-½ (83) Kosteniuk,A (2516)-Rangel,D (2196) Chess.com INT 2021}) 11... Qc7 12. Qb3 Be6 13. Rb1 b5 (13... b6 $1 $11) 14. d5 $36 {[%mdl 2048] White has the initiative.} Bf5 15. e4 Bd7 16. cxb5 cxb5 17. Bf1 (17. c4 $16) 17... Rc8 (17... Na6 $14 {might be stronger.}) 18. c4 $1 a6 19. Ba3 (19. Qa3 $142 {[%cal Rc4b5]} Ra7 20. Nf3) 19... Bh6 20. Red1 Be8 $2 (20... Bg4 $14) 21. cxb5 $18 axb5 22. Rbc1 Qd8 23. Rxc8 Qxc8 24. Bxd6 Qa6 25. Bxe5 Qxa2 26. Qxa2 Rxa2 27. f4 (27. Bxb8 $6 Bxd2 28. Bh3 f5 29. exf5 Bd7 $16) 27... Na6 28. Nb3 g5 29. Nd4 {And now d6 would win.} gxf4 30. Nf5 (30. gxf4 $6 Nc5 31. Rc1 (31. Nxb5 Nxe4 32. Nc7 Bd7 $16) 31... f6 $18) (30. Bxb5 $6 Bxb5 31. Nxb5 Nc5 $16) 30... Bf8 31. gxf4 ({Don't take} 31. Bxf4 Bc5+ 32. Kh1 Bd7 $18) 31... Nc5 {[%cal Of7f6]} 32. Re1 (32. Bg2 $18) 32... Bd7 {[%cal Oc5e4]} 33. Nd4 ({White should play} 33. d6 $1) 33... b4 $16 34. Bc4 Ra3 (34... Rd2 $1 $14) 35. Kh1 h6 {[#]} (35... Bg4 $16) 36. d6 $1 $18 {Threatening mate with Rg1+.} Nd3 37. Rg1+ Kh7 38. Bxd3 (38. Bxf7 $18 {[%csl Gg1][%cal Rf7g8]} Nf2+ 39. Kg2 Nxe4 40. Bb3 (40. Kh1 Nf2+ 41. Kg2 Nd3 $16)) 38... Rxd3 $11 39. f5 (39. Rg3 $11 Rxg3 40. hxg3) 39... b3 $15 ({Don't play} 39... Bxd6 40. Rg7+ Kh8 41. Bf6 $18) 40. Rb1 {[#]} (40. Nxb3 $15 Rxb3 41. Rc1) 40... Bxd6 $1 $17 {[%mdl 512]} 41. Bxd6 {aiming for Be5.} Rxd4 {[%mdl 4096] Endgame KRB-KRB} 42. Bc5 {[#]} Rxe4 (42... Rd3 $1 $17 {Hoping for ...Bc6.} 43. Kg1 Bc6) 43. Rxb3 $15 Bxf5 44. Kg2 Re2+ 45. Kg3 Be4 46. Re3 Rg2+ 47. Kh3 Bc6 48. Bd6 Rg5 {Threatens to win with ...Bd7+.} 49. Bg3 f5 50. Re7+ {The position is equal.} Kg8 51. Re6 {[%csl LRc6,LRh6]} Rh5+ 52. Bh4 {Rg6+ is the strong threat.} Ba4 53. Rd6 Bb5 54. Rd4 f4 {Weighted Error Value: White=0.19 (very precise) /Black=0.26 (precise)} 1/2-1/2

[Event "Czech-ch U18-20 Open 2022"]
[Site "Spindleruv Mlyn"]
[Date "2022.03.13"]
[Round "1.5"]
[White "Gloser, David"]
[Black "Stalmach, Richard"]
[Result "0-1"]
[WhiteElo "2238"]
[BlackElo "2302"]
[Annotator "ChessBase"]
[PlyCount "84"]
[EventDate "2022.03.10"]
[EventType "tourn"]
[EventCountry "CZE"]
[SourceTitle "playchess.com"]
[Source "ChessBase"]
[SourceQuality "1"]
[TimeControl "40/5400+30:1800+30"]

1. e4 {[%emt 0:00:03]} c5 {[%emt 0:00:08]} 2. Nf3 {[%emt 0:00:07]} d6 {[%emt 0:00:18]} 3. d4 {[%emt 0:00:13]} cxd4 {[%emt 0:00:10]} 4. Nxd4 {[%emt 0:00:07]} Nf6 {[%emt 0:00:10]} 5. Nc3 {[%emt 0:00:08]} Nc6 {[%emt 0:00:07]} 6. Bc4 {[%emt 0:02:27]} e6 {[%emt 0:00:39]} 7. Be3 {[%emt 0:01:23]} Be7 {[%emt 0:00:37]} 8. Qe2 {[%emt 0:01:08]} a6 {[%emt 0:01:02]} 9. O-O-O {[%emt 0:04:38]} O-O {[%emt 0:02:01]} 10. Rhg1 {[%emt 0:10:42]} Qc7 {[%emt 0:04:26]} 11. g4 {[%emt 0:05:04]} b5 {[%emt 0:07:12]} 12. Bb3 {[%emt 0:02:17]} b4 {[%emt 0:00:47]} 13. Nd5 {[%emt 0:07:01]} Nxd5 {[%emt 0:09:29]} 14. Nxc6 {[%emt 0:07:55]} Nxe3 {[%emt 0:07:58]} 15. Nxe7+ {[%emt 0:01:31]} Qxe7 {[%emt 0:00:08]} 16. Qxe3 {[%emt 0:00:07]} a5 {[%emt 0:01:22]} 17. Ba4 {[%emt 0:03:05]} Bb7 {[%emt 0:03:11]} 18. Rd2 {[%emt 0:08:22]} Rfc8 {[%emt 0:10:34]} 19. Rgd1 {[%emt 0:04:20]} Bc6 {[%emt 0:01:19]} 20. Bxc6 {[%emt 0:02:35]} Rxc6 {[%emt 0:00:03]} 21. Rd4 {[%emt 0:01:27]} Rac8 {[%emt 0:10:53]} 22. R1d2 {[%emt 0:01:01]} e5 {[%emt 0:03:37]} 23. Rd5 {[%emt 0:06:05]} a4 {[%emt 0:00:43]} 24. Kb1 {[%emt 0:01:52]} a3 {[%emt 0:06:42]} 25. Qd3 {[%emt 0:01:08]} h5 {[%emt 0:01:11]} 26. gxh5 {[%emt 0:05:43]} Qh4 {[%emt 0:03:14]} 27. Rxd6 {[%emt 0:07:13]} Rxd6 {[%emt 0:00:10]} 28. Qxd6 {[%emt 0:00:04]} Qxe4 {[%emt 0:00:05]} 29. Qd7 {[%emt 0:00:43]} Rc4 {[%emt 0:06:00]} 30. Qd8+ {[%emt 0:02:16]} Kh7 {[%emt 0:00:05]} 31. Qd3 {[%emt 0:00:04]} Kh6 {[%emt 0:02:33]} 32. c3 {[%emt 0:05:25]} Qe1+ {[%emt 0:02:41]} 33. Kc2 {[%emt 0:01:31]} axb2 {[%emt 0:01:28]} 34. Rd1 {[%emt 0:04:17]} Qxc3+ {[%emt 0:04:07]} 35. Qxc3 {[%emt 0:00:19]} bxc3 {[%emt 0:00:03]} 36. Rg1 {[%emt 0:01:37]} e4 {[%emt 0:04:17]} 37. Kb3 {[%emt 0:01:18]} Rc5 {[%emt 0:01:53]} 38. Kc2 {[%emt 0:00:52]} f5 {[%emt 0:02:31]} 39. a4 {[%emt 0:01:33]} f4 {[%emt 0:01:04]} 40. Re1 {[%emt 0:01:00]} Rc4 {[%emt 0:02:01]} 41. Kb3 {[%emt 0:03:11]} Rxa4 {[%emt 0:01:07]} 42. Rb1 {[%emt 0:00:34]} Ra1 {[%emt 0:00:09]} 0-1

[Event "Czech-ch U18-20 Open 2022"]
[Site "Spindleruv Mlyn"]
[Date "2022.03.13"]
[Round "1.6"]
[White "Babula, Vlastimil"]
[Black "Lajbl, Jan"]
[Result "1-0"]
[WhiteElo "2558"]
[BlackElo "2218"]
[Annotator "TA"]
[PlyCount "161"]
[EventDate "2022.03.10"]
[EventType "tourn"]
[EventCountry "CZE"]
[SourceTitle "playchess.com"]
[Source "ChessBase"]
[SourceQuality "1"]

{[%evp 12,161,36,43,37,53,41,53,40,48,54,32,35,33,45,2,25,0,0,-24,-24,-33,-9,-29,-28,-32,-43,-59,-57,-51,-38,-60,-37,-62,-47,-61,-59,-51,-66,-16,25,-59,14,27,90,32,77,27,41,-25,54,0,0,0,189,108,246,255,250,247,218,147,223,195,203,203,264,250,266,264,404,296,297,286,297,297,292,296,298,267,269,243,281,271,264,265,265,225,272,235,356,346,362,356,346,346,369,373,408,421,406,383,441,341,312,156,190,183,1088,1054,987,815,646,632,632,631,851,803,995,985,1482,961,953,910,1467,1454,1235,884,756,664,980,1072,1201,1225,1367,1331,1262,1217,1337,2166,1750,1586,7116,6127,29969,12225,29985,29986,29984,29980,29984,29984]} 1. e4 c5 2. Nf3 e6 3. d4 cxd4 4. Nxd4 Nf6 5. Nc3 Nc6 6. Ndb5 Bc5 7. Bf4 {7.Bf4 scores better than 7.Nd6+.} O-O {B45: Sicilian Four Knights.} 8. Bc7 Qe7 {aiming for ...d5.} 9. Bd6 $1 Bxd6 {White is slightly better.} 10. Qxd6 Qd8 11. O-O-O (11. Nc7 $5 {[%cal Rc7a8]} Rb8 12. Be2 $14) 11... a6 12. Nd4 Ne7 13. f3 (13. h4 $14 {was preferrable.}) 13... Ne8 $11 {[#]} 14. Qf4 $146 ({Predecessor:} 14. Qg3 b5 15. Bd3 b4 16. Nce2 a5 17. h4 Bb7 18. h5 h6 19. Kb1 a4 20. f4 Nf6 21. Qe3 Kh8 22. Rhg1 Ng4 23. Qg3 Nf6 24. Qe3 Ng4 25. Qg3 Nf6 {½-½ (25) Schmider,N (2307)-Bellahcene,B (2522) Baden Baden 2021}) 14... b5 {[%cal Bb7b5,Bb5b4][%mdl 32]} 15. g4 b4 16. Nce2 Qa5 17. Kb1 e5 $1 18. Nb3 Qc7 19. Qg5 d6 20. Ng3 a5 21. Nc1 a4 {[%cal Od6d5]} 22. Qd2 {Inhibits d5.} Nc6 23. Nf5 {Prevents Nd4.} Bxf5 24. gxf5 Nd4 {Hoping for ...Nf6.} 25. Ne2 Nc6 (25... Nxf3 $142 26. Qd3 (26. Qxb4 Nf6 $15) 26... Rc8 $1) 26. Nc1 (26. c3 $11) 26... Nf6 (26... Rb8 $15) 27. Rg1 $1 {[%cal Og1g7]} (27. Qxd6 Qb6 28. Qd2 Nd4 $15) 27... Rfd8 {[#]} (27... Ne8 $11 {keeps the balance.}) 28. Bc4 (28. Rxg7+ $1 $16 Kxg7 29. Qg5+ Kf8 30. Qxf6) 28... Ne8 (28... Ne7 $1 $14) 29. Bd5 $16 {[%cal Of5f6] White is more active.} Rac8 $1 30. Ne2 (30. Bxc6 $14 Qxc6 31. Nd3) 30... Kh8 ({Black should play} 30... Ne7 $11) 31. Rg2 (31. Rc1 $14) 31... a3 $11 32. b3 $36 {[%mdl 2048] White has some pressure.} Qe7 $2 (32... Ne7 $1 $11 {and Black stays safe.}) 33. Rdg1 (33. Bxc6 $18 Rxc6 34. Qxb4) 33... Qf6 {A mistake that costs the game.} (33... Qc7 $16 {was worth a try.} 34. h3 Rd7) 34. Bxc6 $18 Rxc6 35. Qxb4 Rdc8 36. Ng3 (36. Qxa3 Rxc2 37. Rc1 Rxc1+ 38. Nxc1 g6 $16) 36... Qh6 (36... Rc3 $16 37. Qxa3 Qd8) 37. Qxa3 Qe3 38. Rf1 Nc7 39. Qc1 Qc5 40. c4 {[%cal Of5f6] To avoid Nb5. f6! is the strong threat.} Nb5 (40... Qa7 {is a better defense.} 41. Nh5 Rg8) 41. Rd1 Qb4 {[%cal Rc6c4]} 42. Ka1 $1 {[%cal Of5f6]} Ra8 43. Rd3 Nd4 44. Rb2 Rca6 45. Qb1 Qc5 46. Ne2 {[%cal Bg3e2,Be2c3,Bc3a4][%mdl 32]} Nc6 47. Nc3 Nb4 {[#]} 48. Na4 $1 Qa7 (48... Rxa4 $2 49. bxa4 Rxa4 50. a3 $18) 49. Rdd2 Qe3 50. Qd1 h6 (50... g6 {was necessary.} 51. fxg6 (51. Rxd6 $2 Rxd6 52. Qb1 Qxf3 $19) 51... fxg6) 51. Kb1 (51. Rxd6 Rxd6 52. Qh1 Rd3 53. Kb1 Rd2 54. Qf1 Rxb2+ 55. Kxb2 Qd4+ 56. Kb1 Qd2) 51... Kh7 52. a3 Nc6 53. Rd3 ({Not} 53. Rxd6 Nd4 54. Rd7 Kg8 $18) 53... Qg5 54. Rxd6 Nd4 55. Rxa6 Rxa6 56. b4 Qe3 57. b5 Rd6 {[%cal Od4b5] [#]} 58. b6 (58. Ka2 $1 $18) 58... Nb5 59. Qb3 Nxa3+ $2 (59... Rd3 60. Qxb5 Rxa3) 60. Ka2 {[%cal Bb1a2,Ba2a3,Ba3b4,Bb4b5,Bb5a5][%mdl 32]} Rd3 {[#]} 61. Qxd3 $3 {[%mdl 512]} Qxd3 62. Rb3 Qxc4 63. Kxa3 {[%mdl 4096] Endgame Strongly threatening b7. KQ-KRN} Qc1+ 64. Kb4 Qd2+ 65. Kb5 Qe2+ 66. Ka5 Qd2+ 67. Rb4 {And now Nc5 would win.} Qd8 68. Nc5 Qa8+ 69. Na6 {Black must now prevent b7.} Qd8 70. Nc7 Qd6 71. Nd5 Qc5+ 72. Ka6 Qc6 73. Ka7 Qc5 74. Kb8 Qd6+ 75. Kc8 Qc6+ 76. Nc7 {Threatens to win with b7.} Qc5 77. Rb5 Qf8+ 78. Kd7 {Intending Ne8 and mate.} Qa3 79. b7 {White mates.} Qd3+ 80. Kc8 Qd6 81. b8=Q {Weighted Error Value: White=0.21 (precise) /Black=0.29 (precise)} 1-0

[Event "Czech-ch U18-20 Open 2022"]
[Site "Spindleruv Mlyn"]
[Date "2022.03.13"]
[Round "2.1"]
[White "Mica, Marek"]
[Black "Lajbl, Jan"]
[Result "1/2-1/2"]
[WhiteElo "2272"]
[BlackElo "2218"]
[Annotator "ChessBase"]
[PlyCount "109"]
[EventDate "2022.03.10"]
[EventType "tourn"]
[EventCountry "CZE"]
[SourceTitle "playchess.com"]
[Source "ChessBase"]
[SourceQuality "1"]
[TimeControl "40/5400+30:1800+30"]

1. c4 {[%emt 0:00:03]} e6 {[%emt 0:00:13]} 2. Nf3 {[%emt 0:00:49]} d5 {[%emt 0:00:05]} 3. d4 {[%emt 0:01:11]} c6 {[%emt 0:00:19]} 4. b3 {[%emt 0:05:59]} Bd6 {[%emt 0:03:03]} 5. g3 {[%emt 0:00:30]} f5 {[%emt 0:01:08]} 6. Bg2 {[%emt 0:00:18]} Nf6 {[%emt 0:00:32]} 7. O-O {[%emt 0:00:12]} Qe7 {[%emt 0:01:20]} 8. a4 {[%emt 0:00:33]} a5 {[%emt 0:02:18]} 9. Ba3 {[%emt 0:02:52]} O-O {[%emt 0:01:37]} 10. Bxd6 {[%emt 0:01:05]} Qxd6 {[%emt 0:00:09]} 11. Na3 {[%emt 0:00:18]} Na6 {[%emt 0:04:03]} 12. Nc2 {[%emt 0:01:27]} Ne4 {[%emt 0:03:25]} 13. Ne5 {[%emt 0:02:44]} Nb4 {[%emt 0:03:34]} 14. f3 {[%emt 0:02:09]} Nxc2 {[%emt 0:03:52]} 15. Qxc2 {[%emt 0:00:49]} dxc4 {[%emt 0:05:43]} 16. Rfd1 {[%emt 0:05:31]} cxb3 {[%emt 0:04:10]} 17. Qxb3 {[%emt 0:00:14]} Nf6 {[%emt 0:00:40]} 18. f4 {[%emt 0:01:44]} Nd5 {[%emt 0:12:04]} 19. Rab1 {[%emt 0:04:44]} Rb8 {[%emt 0:08:29]} 20. Rdc1 {[%emt 0:06:10]} Bd7 {[%emt 0:03:12]} 21. Bxd5 {[%emt 0:11:34]} cxd5 {[%emt 0:04:07]} 22. e3 {[%emt 0:04:45]} b6 {[%emt 0:05:08]} 23. Nxd7 {[%emt 0:14:35]} Qxd7 {[%emt 0:00:06]} 24. Qb5 {[%emt 0:00:24]} Qxb5 {[%emt 0:01:02]} 25. Rxb5 {[%emt 0:00:30]} Kf7 {[%emt 0:01:06]} 26. Rc7+ {[%emt 0:01:47]} Kf6 {[%emt 0:01:00]} 27. Kf2 {[%emt 0:04:01]} Rfc8 {[%emt 0:02:47]} 28. Rxb6 {[%emt 0:03:06]} Rxb6 {[%emt 0:00:45]} 29. Rxc8 {[%emt 0:00:09]} Rb2+ {[%emt 0:01:14]} 30. Kf3 {[%emt 0:00:16]} Ra2 {[%emt 0:02:10]} 31. h3 {[%emt 0:03:11]} h5 {[%emt 0:03:31]} 32. g4 {[%emt 0:01:21]} hxg4+ {[%emt 0:02:09]} 33. hxg4 {[%emt 0:00:17]} fxg4+ {[%emt 0:00:15]} 34. Kxg4 {[%emt 0:00:12]} Rxa4 {[%emt 0:00:14]} 35. Rf8+ {[%emt 0:00:56]} Kg6 {[%emt 0:01:48]} 36. f5+ {[%emt 0:00:33]} exf5+ {[%emt 0:00:28]} 37. Rxf5 {[%emt 0:00:12]} Ra3 {[%emt 0:00:54]} 38. Re5 {[%emt 0:01:59]} Rb3 {[%emt 0:01:43]} 39. Kf4 {[%emt 0:00:56]} Rb5 {[%emt 0:00:33]} 40. Re6+ {[%emt 0:01:38]} Kf7 {[%emt 0:04:00]} 41. Ra6 {[%emt 0:30:21]} Ke7 {[%emt 0:43:21]} 42. Ke5 {[%emt 0:01:29]} Rb3 {[%emt 0:00:00]} 43. Ra7+ {[%emt 0:00:00]} Ke8 {[%emt 0:00:00]} 44. Kxd5 {[%emt 0:00:00]} Rxe3 {[%emt 0:00:00]} 45. Rxg7 {[%emt 0:00:00]} Re7 {[%emt 0:00:00]} 46. Rg8+ {[%emt 0:00:00]} Kd7 {[%emt 0:00:00]} 47. Ra8 {[%emt 0:00:00]} Rf7 {[%emt 0:00:00]} 48. Kc5 {[%emt 0:00:00]} Rf5+ {[%emt 0:00:00]} 49. d5 {[%emt 0:00:00]} Rf6 {[%emt 0:00:00]} 50. Rxa5 {[%emt 0:00:00]} Rg6 {[%emt 0:00:00]} 51. Ra7+ {[%emt 0:00:00]} Kd8 {[%emt 0:00:00]} 52. Rh7 {[%emt 0:00:00]} Rf6 {[%emt 0:00:00]} 53. d6 {[%emt 0:00:00]} Rf1 {[%emt 0:00:00]} 54. Kc6 {[%emt 0:00:00]} Rc1+ {[%emt 0:00:00]} 55. Kd5 {[%emt 0:00:00]} 1/2-1/2

[Event "Czech-ch U18-20 Open 2022"]
[Site "Spindleruv Mlyn"]
[Date "2022.03.13"]
[Round "2.2"]
[White "Stalmach, Richard"]
[Black "Babula, Vlastimil"]
[Result "1-0"]
[WhiteElo "2302"]
[BlackElo "2558"]
[Annotator "TA"]
[PlyCount "71"]
[EventDate "2022.03.10"]
[EventType "tourn"]
[EventCountry "CZE"]
[SourceTitle "playchess.com"]
[Source "ChessBase"]
[SourceQuality "1"]

{[%evp 23,71,62,72,48,52,44,47,56,76,33,92,-30,62,57,132,108,147,161,145,145,177,144,286,292,289,293,389,342,435,449,536,491,522,531,509,500,804,830,770,641,841,813,1109,900,1314,1302,1732,1697,1484,1503]} 1. d4 Nf6 2. c4 g6 3. Nc3 Bg7 4. e4 d6 5. Nf3 {[%cal Bg1f3,Bf3e1,Be1d3][%mdl 32]} O-O 6. Be2 e5 7. O-O Nc6 8. d5 Ne7 9. Ne1 Nd7 10. f3 f5 11. Nd3 {11.Be3 is vanishing.} f4 12. b4 g5 13. c5 {E99: King's Indian: Classical Main Line: 9 Ne1 Nd7 10 f3 f5.} Nf6 14. a4 Rf7 15. a5 {White is slightly better.} Bf8 16. b5 {[#]} ({Better is} 16. Bb2 $16) 16... Rg7 $146 ({Predecessor:} 16... h5 17. Bb2 b6 18. axb6 cxb6 19. cxd6 Ng6 20. Nb1 Bxd6 21. Nd2 Rc7 22. Qb3 g4 {1-0 (45) Gholami Orimi,M (2437)-Ghaziolsharif,K (2189) Lorestan 2019}) 17. g4 (17. Bb2 $16) 17... fxg3 (17... h5 $11) 18. hxg3 h6 {Black is now going downhill.} (18... Ng6 $14) 19. Kg2 $36 {[%cal Bg1g2,Bg2f1,Bf1e1][%mdl 2080] White is on the roll.} Qe8 (19... Qd7 $2 20. Rh1 $16) 20. Rh1 Qg6 21. Ra4 Nh5 {[%cal Oh5f4]} 22. Nf2 {b6 is the strong threat.} Nf4+ (22... dxc5 $16 {was necessary.} 23. Ba3 g4 24. fxg4 Nf6 25. Bxc5 Nxg4) 23. gxf4 $18 gxf4+ {[#]} 24. Kf1 $1 ({And not} 24. Ng4 h5 $11) 24... Qg2+ 25. Ke1 Ng6 26. b6 {White is clearly winning.} Be7 27. Bf1 Qg3 28. Ne2 Qg5 29. bxc7 Nh4 (29... Bf8 $142 30. Ba3 Rxc7 31. cxd6 Rg7) 30. Qb3 Qh5 31. Kd1 Kh7 32. a6 bxa6 33. Ra3 dxc5 34. Qb8 Bd6 35. Qxa8 Rxc7 36. Bh3 {Weighted Error Value: White=0.25 (precise) /Black=0.46} 1-0